Museum display design (Record no. 8029)

000 -LEADER
fixed length control field 00384nam a22001457a 4500
003 - CONTROL NUMBER IDENTIFIER
control field OSt
005 - DATE AND TIME OF LATEST TRANSACTION
control field 20200619130350.0
008 - FIXED-LENGTH DATA ELEMENTS--GENERAL INFORMATION
fixed length control field 200619b ||||| |||| 00| 0 eng d
020 ## - INTERNATIONAL STANDARD BOOK NUMBER
International Standard Book Number 9789881545121
082 ## - DEWEY DECIMAL CLASSIFICATION NUMBER
Classification number 727.7
Item number YUJ
100 ## - MAIN ENTRY--PERSONAL NAME
Personal name Yu, Jasmin
245 ## - TITLE STATEMENT
Title Museum display design
260 ## - PUBLICATION, DISTRIBUTION, ETC. (IMPRINT)
Place of publication, distribution, etc Hong Kong
Name of publisher, distributor, etc Design Media Publishing Ltd; Reissue edition
Date of publication, distribution, etc August 15, 2014
942 ## - ADDED ENTRY ELEMENTS (KOHA)
Source of classification or shelving scheme
Holdings
Withdrawn status Lost status Source of classification or shelving scheme Damaged status Koha normalized classification for sorting Not for loan Permanent location Current location Date acquired Total Checkouts Full call number Barcode Date last seen Date last borrowed Price effective from Koha item type
        727_000000000000000_7YUJ   BMS College of Architecture, Design and Planning BMS College of Architecture, Design and Planning 2020-06-19 2 727.7YUJ AR-UG1805 2024-01-19 2023-10-09 2020-06-19 UG Books
Copyright © 2025, The Librarian, Library and Information Centre, BMSCA D&P, Bengaluru. All Rights Reserved
web counter

Powered by Koha